<?xml version="1.0" encoding="UTF-8"?>
<record
    xmlns:xsi="http://www.w3.org/2001/XMLSchema-instance"
    xsi:schemaLocation="http://www.loc.gov/MARC21/slim http://www.loc.gov/standards/marcxml/schema/MARC21slim.xsd"
    xmlns="http://www.loc.gov/MARC21/slim">

  <leader>01664nam a2200253Ia 4500</leader>
  <controlfield tag="003">OSt</controlfield>
  <controlfield tag="005">20251107145103.0</controlfield>
  <controlfield tag="008">210210b2015   xxu||||| |||| 00| 0 eng d</controlfield>
  <datafield tag="040" ind1=" " ind2=" ">
    <subfield code="c">AL</subfield>
  </datafield>
  <datafield tag="041" ind1=" " ind2=" ">
    <subfield code="a">Kannada</subfield>
  </datafield>
  <datafield tag="082" ind1=" " ind2=" ">
    <subfield code="a">K494.3 SHAI</subfield>
  </datafield>
  <datafield tag="100" ind1=" " ind2=" ">
    <subfield code="a">SHANKARA BHAT (D N)</subfield>
    <subfield code="d">&#xCA1;&#xCBF;.&#xC8E;&#xCA8;&#xCCD;. &#xCB6;&#xC82;&#xC95;&#xCB0; &#xCAC;&#xC9F;&#xCCD;</subfield>
    <subfield code="9">244738</subfield>
  </datafield>
  <datafield tag="245" ind1=" " ind2=" ">
    <subfield code="a">English kannada padanerake</subfield>
    <subfield code="b">&#xC87;&#xC82;&#xC97;&#xCCD;&#xCB2;&#xCBF;&#xCB6;&#xCCD; &#xC95;&#xCA8;&#xCCD;&#xCA8;&#xCA1; &#xCAA;&#xCA6;&#xCA8;&#xCC6;&#xCB0;&#xC95;&#xCC6;</subfield>
  </datafield>
  <datafield tag="260" ind1=" " ind2=" ">
    <subfield code="a">Sagara</subfield>
    <subfield code="b">D N Shankar Bhat</subfield>
    <subfield code="c">2015</subfield>
  </datafield>
  <datafield tag="300" ind1=" " ind2=" ">
    <subfield code="a">ix,730</subfield>
  </datafield>
  <datafield tag="520" ind1=" " ind2=" ">
    <subfield code="a">&#xC87;&#xC82;&#xC97;&#xCCD;&#xCB2;&#xCBF;&#xCB6;&#xCCD; &#xCAA;&#xCA6;&#xC97;&#xCB3;&#xCBF;&#xC97;&#xCC6; &#xCB8;&#xCBE;&#xC9F;&#xCBF;&#xCAF;&#xCBE;&#xC97;&#xCBF; &#xC95;&#xCA8;&#xCCD;&#xCA8;&#xCA1;&#xCA6;&#xCCD;&#xCA6;&#xCC7; &#xC86;&#xCA6; &#xCAA;&#xCA6;&#xC97;&#xCB3;&#xCA8;&#xCCD;&#xCA8;&#xCC1; &#xC95;&#xCCA;&#xCA1;&#xCC1;&#xCB5; &#xC92;&#xC82;&#xCA6;&#xCC1; &#xCAA;&#xCCD;&#xCB0;&#xCAF;&#xCA4;&#xCCD;&#xCA8;&#xCB5;&#xCA8;&#xCCD;&#xCA8;&#xCC1; &#xC88; &#xCAA;&#xCA6;&#xCA8;&#xCC6;&#xCB0;&#xC95;&#xCC6;&#xCAF;&#xCB2;&#xCCD;&#xCB2;&#xCBF; &#xCAE;&#xCBE;&#xCA1;&#xCB2;&#xCBE;&#xC97;&#xCBF;&#xCA6;&#xCC6;. &#xC85;&#xC82;&#xCA4;&#xCB9; &#xCAA;&#xCA6;&#xC97;&#xCB3;&#xCC1; &#xC95;&#xCA8;&#xCCD;&#xCA8;&#xCA1;&#xCA6;&#xCB2;&#xCCD;&#xCB2;&#xCBF; &#xC87;&#xCB2;&#xCCD;&#xCB2;&#xCA6;&#xCBF;&#xCB0;&#xCC1;&#xCB5;&#xCB2;&#xCCD;&#xCB2;&#xCBF; &#xC95;&#xCA8;&#xCCD;&#xCA8;&#xCA1;&#xCA6;&#xCB5;&#xCC7; &#xC86;&#xCA6; &#xCAA;&#xCA6; &#xCAE;&#xCA4;&#xCCD;&#xCA4;&#xCC1; &#xC92;&#xC9F;&#xCCD;&#xC9F;&#xCC1;&#xC97;&#xCB3;&#xCA8;&#xCCD;&#xCA8;&#xCC1; &#xCAC;&#xCB3;&#xCB8;&#xCBF;, &#xC87;&#xCB2;&#xCCD;&#xCB2;&#xCB5;&#xCC7; &#xCAA;&#xCA6;&#xC97;&#xCB3;&#xCA8;&#xCCD;&#xCA8;&#xCC1; &#xC9C;&#xCCB;&#xCA1;&#xCBF;&#xCB8;&#xCBF;, &#xCB9;&#xCCA;&#xCB8;&#xCA6;&#xCBE;&#xC97;&#xCBF; &#xCAA;&#xCA6;&#xC97;&#xCB3;&#xCA8;&#xCCD;&#xCA8;&#xCC1; &#xC89;&#xC82;&#xC9F;&#xCC1; &#xCAE;&#xCBE;&#xCA1;&#xCC1;&#xCB5; &#xC95;&#xCC6;&#xCB2;&#xCB8;&#xCB5;&#xCA8;&#xCCD;&#xCA8;&#xCC2; &#xC87;&#xCB2;&#xCCD;&#xCB2;&#xCBF; &#xCA8;&#xCA1;&#xCC6;&#xCB8;&#xCB2;&#xCBE;&#xC97;&#xCBF;&#xCA6;&#xCC6;. &#xC95;&#xCA8;&#xCCD;&#xCA8;&#xCA1;&#xCA6;&#xCB2;&#xCCD;&#xCB2;&#xCBF; &#xCB9;&#xCCA;&#xCB8;&#xCAA;&#xCA6;&#xC97;&#xCB3;&#xCA8;&#xCCD;&#xCA8;&#xCC1; &#xC89;&#xC82;&#xC9F;&#xCC1;&#xCAE;&#xCBE;&#xCA1;&#xCC1;&#xCB5;&#xCB5;&#xCB0;&#xCC1; &#xCB9;&#xCC6;&#xC9A;&#xCCD;&#xC9A;&#xCBE;&#xC97;&#xCBF; &#xCB8;&#xC82;&#xCB8;&#xCCD;&#xC95;&#xCC3;&#xCA4;&#xCA6; &#xCAA;&#xCA6; &#xCAE;&#xCA4;&#xCCD;&#xCA4;&#xCC1; &#xC92;&#xC9F;&#xCCD;&#xC9F;&#xCC1;&#xC97;&#xCB3;&#xCA8;&#xCCD;&#xCA8;&#xCC1; &#xCAC;&#xCB3;&#xCB8;&#xCC1;&#xCA4;&#xCCD;&#xCA4;&#xCBE;&#xCB0;&#xCC6;. </subfield>
  </datafield>
  <datafield tag="650" ind1=" " ind2=" ">
    <subfield code="a">padanerake</subfield>
    <subfield code="9">244739</subfield>
  </datafield>
  <datafield tag="650" ind1=" " ind2=" ">
    <subfield code="a">kannada</subfield>
    <subfield code="9">244740</subfield>
  </datafield>
  <datafield tag="650" ind1=" " ind2=" ">
    <subfield code="a">Inglish</subfield>
    <subfield code="9">244741</subfield>
  </datafield>
  <datafield tag="690" ind1=" " ind2=" ">
    <subfield code="a">Kannada Dictionary</subfield>
    <subfield code="9">244742</subfield>
  </datafield>
  <datafield tag="700" ind1=" " ind2=" ">
    <subfield code="a">BHARAT KUMAR (Yo)</subfield>
    <subfield code="9">244743</subfield>
  </datafield>
  <datafield tag="906" ind1=" " ind2=" ">
    <subfield code="a">070243</subfield>
  </datafield>
  <datafield tag="942" ind1=" " ind2=" ">
    <subfield code="2">ddc</subfield>
    <subfield code="c">BK</subfield>
  </datafield>
  <datafield tag="999" ind1=" " ind2=" ">
    <subfield code="c">119797</subfield>
    <subfield code="d">119797</subfield>
  </datafield>
  <datafield tag="952" ind1=" " ind2=" ">
    <subfield code="0">0</subfield>
    <subfield code="1">0</subfield>
    <subfield code="4">0</subfield>
    <subfield code="7">3</subfield>
    <subfield code="8">Kannada</subfield>
    <subfield code="a">AL</subfield>
    <subfield code="b">AL</subfield>
    <subfield code="c">RS</subfield>
    <subfield code="d">2021-02-17</subfield>
    <subfield code="e">Navakarnataka Publication Pvt Ltd Mangalore</subfield>
    <subfield code="g">400.00</subfield>
    <subfield code="l">0</subfield>
    <subfield code="o">K494.3 SHAI</subfield>
    <subfield code="p">070243</subfield>
    <subfield code="r">2021-02-17 00:00:00</subfield>
    <subfield code="w">2021-02-17</subfield>
    <subfield code="y">BK</subfield>
  </datafield>
</record>
